Viedenské laboratórium smart city

Viedenské laboratórium konceptu smart city Seestadt Aspern - jeden z najväčších rozvojových projektov v Európe. Mesto bez áut. PPP konzorcium, v ktorom majú podiely mesto, štát a súkromné finančné inštitúcie. Ohľaduplná výstavba mestskej štvrti. Smart musia byť aj ľudia.

Gespeichert in:
Bibliographische Detailangaben
1. Verfasser: Suchý, Daniel
Format: Buchkapitel
Sprache:Slowakisch
Schlagworte:
Tags: Tag hinzufügen
Keine Tags, Fügen Sie das erste Tag hinzu!

MARC

LEADER 00000naa a2200000 4500
001 0200485
005 20231113103035.3
041 0 |a slo 
044 |a SK 
245 1 0 |a Viedenské laboratórium smart city  |c Daniel Suchý 
520 |a Viedenské laboratórium konceptu smart city Seestadt Aspern - jeden z najväčších rozvojových projektov v Európe. Mesto bez áut. PPP konzorcium, v ktorom majú podiely mesto, štát a súkromné finančné inštitúcie. Ohľaduplná výstavba mestskej štvrti. Smart musia byť aj ľudia. 
610 2 0 |a mestá 
610 2 0 |a urbanizmus 
610 2 0 |a ekológia 
610 2 0 |a automobily 
610 2 0 |a bicykle 
610 2 0 |a partnerstvo verejno-súkromné 
610 2 0 |a projekty 
610 2 0 |a bývanie 
610 2 0 |a Rakúsko 
100 1 |a Suchý, Daniel